Principles of the properties of materials (Record no. 16965)

000 -LEADER
fixed length control field 00542nam a22001931 4500
001 - CONTROL NUMBER
control field 16965
003 - CONTROL NUMBER IDENTIFIER
control field BD-DhUET
008 - FIXED-LENGTH DATA ELEMENTS--GENERAL INFORMATION
fixed length control field 750926s1957 nyua 000 0 eng
040 ## - CATALOGING SOURCE
Original cataloging agency DLC
Transcribing agency DLC
Modifying agency BD-DhUET
082 ## - DEWEY DECIMAL CLASSIFICATION NUMBER
Classification number 620.11291
Item number FRA/1957
100 ## - MAIN ENTRY--PERSONAL NAME
Personal name Frankel, Jacob Porter
245 00 - TITLE STATEMENT
Title Principles of the properties of materials
250 ## - EDITION STATEMENT
Edition statement 1st ed.
260 ## - PUBLICATION, DISTRIBUTION, ETC. (IMPRINT)
Place of publication, distribution, etc. New York
Name of publisher, distributor, etc. McGraw-Hill
Date of publication, distribution, etc. 1957
300 ## - PHYSICAL DESCRIPTION
Extent xiv, 228 p.
Other physical details illus.
Dimensions 24 cm.
490 ## - SERIES STATEMENT
Series statement McGraw-Hill series in engineering sciences
650 #0 - SUBJECT ADDED ENTRY--TOPICAL TERM
Topical term or geographic name as entry element Engineering, Physics
942 ## - ADDED ENTRY ELEMENTS (KOHA)
Koha item type General Book
Holdings
Koha date last seen Shelving location Sublocation or collection (holding branch) Location (home branch) Price effective from Piece designation (barcode) Koha item type Copy number Lost status Date acquired Not for loan Koha full call number Source of classification or shelving scheme Withdrawn status Damaged status Koha normalized classification for sorting
2015-03-22Circulation sectionCentral Library, BUETCentral Library, BUET2015-03-22135965General Book1 2015-03-22 530.62/FRA/1957   530_620000000000000_FRA_1957
2015-04-22Circulation sectionCentral Library, BUETCentral Library, BUET2015-04-227394General Book2 2015-04-22 620.11291/FRA/1957   620_112910000000000_FRA_1957
2015-04-23Circulation sectionCentral Library, BUETCentral Library, BUET2015-04-2383477General Book3 2015-04-23 620.11291/FRA/1957   620_112910000000000_FRA_1957
2015-07-03Circulation sectionCentral Library, BUETCentral Library, BUET2015-07-0384360General Book4 2015-07-03 620.11291/FRA/1957   620_112910000000000_FRA_1957